Beatles Songs That Are 4+ Minutes Long - Statistics

General Stats
  • This quiz has been taken 56 times
  • The average score is 12 of 16
Answer Stats
Album Time Song Name % Correct
The White Album 8:21 Revolution 9
93%
Sgt. Pepper 5:37 A Day In The Life
91%
Past Masters 7:09 Hey Jude
89%
Let It Be 4:02 Let It Be
87%
Magical Mystery Tour 4:07 Strawberry Fields Forever
85%
Magical Mystery Tour 4:35 I Am The Walrus
83%
Abbey Road 7:47 I Want You (She's So Heavy)
80%
The White Album 4:44 While My Guitar Gently Weeps
76%
Abbey Road 4:19 Come Together
74%
Sgt. Pepper 5:05 Within You Without You
74%
Yellow Submarine 6:24 It's All Too Much
70%
The White Album 4:29 Helter Skelter
67%
The White Album 4:15 Revolution 1
63%
Abbey Road 4:02 You Never Give Me Your Money
63%
The White Album 4:00 Yer Blues
54%
Past Masters 4:19 You Know My Name (Look Up The Number)
48%
No matching quizzes found
Score Distribution
Percent of People with Each Score
Percentile by Number Answered
Your Score History
You have not taken this quiz